<?xml version="1.0" encoding="UTF-8"?>
<record
    xmlns:xsi="http://www.w3.org/2001/XMLSchema-instance"
    xsi:schemaLocation="http://www.loc.gov/MARC21/slim http://www.loc.gov/standards/marcxml/schema/MARC21slim.xsd"
    xmlns="http://www.loc.gov/MARC21/slim">

  <leader>00788nam a2200241   4500</leader>
  <controlfield tag="005">20260311123416.0</controlfield>
  <controlfield tag="006">000</controlfield>
  <controlfield tag="007">000</controlfield>
  <controlfield tag="008">000</controlfield>
  <datafield tag="020" ind1=" " ind2=" ">
    <subfield code="a">9781784270223</subfield>
  </datafield>
  <datafield tag="040" ind1=" " ind2=" ">
    <subfield code="a">UOEL</subfield>
  </datafield>
  <datafield tag="050" ind1=" " ind2=" ">
    <subfield code="a">G70.2</subfield>
    <subfield code="b">.R46  2016</subfield>
  </datafield>
  <datafield tag="245" ind1=" " ind2=" ">
    <subfield code="a">Remote sensing and GIS for ecologists :</subfield>
    <subfield code="b">Using open source software /</subfield>
    <subfield code="c">Edited by Martin Wegmann, Benjamin Leutner and Stefan Dech</subfield>
  </datafield>
  <datafield tag="260" ind1=" " ind2=" ">
    <subfield code="a">Exeter, United Kingdom :</subfield>
    <subfield code="b">Pelagic Publishing,</subfield>
    <subfield code="c">c2016.</subfield>
  </datafield>
  <datafield tag="300" ind1=" " ind2=" ">
    <subfield code="a">xviii, 333 p. :</subfield>
    <subfield code="b">ill.</subfield>
  </datafield>
  <datafield tag="500" ind1=" " ind2=" ">
    <subfield code="a">Includes bibliographical references and indexes</subfield>
  </datafield>
  <datafield tag="650" ind1=" " ind2=" ">
    <subfield code="a">Remote sensing</subfield>
    <subfield code="v">Open source software</subfield>
  </datafield>
  <datafield tag="650" ind1=" " ind2=" ">
    <subfield code="a">GIS for ecologists</subfield>
    <subfield code="v">Open source software</subfield>
  </datafield>
  <datafield tag="700" ind1=" " ind2=" ">
    <subfield code="a">Wegmann, Martin</subfield>
    <subfield code="e">Editor</subfield>
  </datafield>
  <datafield tag="700" ind1=" " ind2=" ">
    <subfield code="a">Leutner, Benjamin</subfield>
    <subfield code="e">Editor</subfield>
  </datafield>
  <datafield tag="700" ind1=" " ind2=" ">
    <subfield code="a">Dech, Stefan</subfield>
    <subfield code="e">Editor</subfield>
  </datafield>
  <datafield tag="942" ind1=" " ind2=" ">
    <subfield code="2">lcc</subfield>
    <subfield code="c">BK</subfield>
  </datafield>
  <datafield tag="999" ind1=" " ind2=" ">
    <subfield code="c">17963</subfield>
    <subfield code="d">17963</subfield>
  </datafield>
  <datafield tag="952" ind1=" " ind2=" ">
    <subfield code="0">0</subfield>
    <subfield code="1">0</subfield>
    <subfield code="2">lcc</subfield>
    <subfield code="4">0</subfield>
    <subfield code="7">0</subfield>
    <subfield code="a">UOE</subfield>
    <subfield code="b">UOE</subfield>
    <subfield code="c">GEN</subfield>
    <subfield code="d">2026-03-11</subfield>
    <subfield code="e">Purchase</subfield>
    <subfield code="g">5535.00</subfield>
    <subfield code="l">2</subfield>
    <subfield code="o">G70.2 .R46  2016</subfield>
    <subfield code="p">20160106</subfield>
    <subfield code="q">2026-05-06</subfield>
    <subfield code="r">2026-04-27 11:24:30</subfield>
    <subfield code="s">2026-04-08</subfield>
    <subfield code="t">20160106</subfield>
    <subfield code="w">2026-03-11</subfield>
    <subfield code="y">LL</subfield>
  </datafield>
  <datafield tag="952" ind1=" " ind2=" ">
    <subfield code="0">0</subfield>
    <subfield code="1">0</subfield>
    <subfield code="2">lcc</subfield>
    <subfield code="4">0</subfield>
    <subfield code="7">0</subfield>
    <subfield code="a">UOE</subfield>
    <subfield code="b">UOE</subfield>
    <subfield code="c">SHO</subfield>
    <subfield code="d">2026-03-11</subfield>
    <subfield code="e">Purchase</subfield>
    <subfield code="g">5535.00</subfield>
    <subfield code="l">0</subfield>
    <subfield code="o">G70.2 .R46  2016</subfield>
    <subfield code="p">20160104</subfield>
    <subfield code="r">2026-04-27 09:22:16</subfield>
    <subfield code="t">20160104</subfield>
    <subfield code="w">2026-03-11</subfield>
    <subfield code="y">SL2</subfield>
  </datafield>
  <datafield tag="952" ind1=" " ind2=" ">
    <subfield code="0">0</subfield>
    <subfield code="1">0</subfield>
    <subfield code="2">lcc</subfield>
    <subfield code="4">0</subfield>
    <subfield code="7">0</subfield>
    <subfield code="a">UOE</subfield>
    <subfield code="b">UOE</subfield>
    <subfield code="c">SHO</subfield>
    <subfield code="d">2026-03-11</subfield>
    <subfield code="e">Purchase</subfield>
    <subfield code="g">5535.00</subfield>
    <subfield code="l">0</subfield>
    <subfield code="o">G70.2 .R46  2016</subfield>
    <subfield code="p">20160105</subfield>
    <subfield code="r">2026-04-27 09:22:16</subfield>
    <subfield code="t">20160105</subfield>
    <subfield code="w">2026-03-11</subfield>
    <subfield code="y">SL2</subfield>
  </datafield>
</record>
